[Event "Motiva Online Blitz (Women)"]
[Site "Chess.com INT"]
[Date "2021.12.18"]
[Round "12"]
[White "Ross, Laura R"]
[Black "Richterova, Natasa"]
[Result "1-0"]
[WhiteElo "2129"]
[BlackElo "2162"]
[PlyCount "121"]
[EventDate "2021.12.18"]
[EventType "swiss (blitz)"]
[EventRounds "13"]
[EventCountry "USA"]
[SourceTitle "CBM 205 Extra"]
[Source "ChessBase"]
[SourceDate "2022.01.31"]
[SourceVersion "1"]
[SourceVersionDate "2022.01.31"]
[SourceQuality "1"]

1. e4 Nf6 2. e5 Nd5 3. d4 d6 4. c4 Nb6 5. exd6 cxd6 6. Nc3 g6 7. Nf3 Bg7 8. Be2 0-0 9. h3 e5 10. d5 f5 11. Bd2 N8d7 12. Qc2 Nf6 13. 0-0-0 a6 14. Bg5 Nbd7 15. h4 Qc7 16. Kb1 h6 17. Bc1 h5 18. Ng5 Nc5 19. Ka1 Rb8 20. b4 Nce4 21. Ncxe4 Nxe4 22. Nxe4 fxe4 23. Qxe4 Bf5 24. Qe3 b5 25. c5 dxc5 26. Qxc5 e4+ 27. Bb2 Bxb2+ 28. Kxb2 Qf4 29. Qd4 Rbd8 30. d6 Rfe8 31. g3 Qe5 32. Qxe5 Rxe5 33. Rd4 Re6 34. Rhd1 Kg7 35. d7 Kf6 36. Rd6 Ke7 37. R6d5 Rc6 38. f3 exf3 39. Bxf3 Re6 40. R5d2 Re3 41. Re2 Rxe2+ 42. Bxe2 Rxd7 43. Rxd7+ Kxd7 44. Kc3 Kd6 45. Kd4 Bb1 46. a3 Bc2 47. Bf3 Kc7 48. Ke5 Kb6 49. Kf6 a5 50. Bd5 axb4 51. axb4 Kc7 52. Bf7 Kd6 53. Bxg6 Bd1 54. Kg5 Kd5 55. Bxh5 Bc2 56. Be2 Ba4 57. h5 Kd4 58. h6 Ke3 59. Bxb5 Bxb5 60. h7 Bd3 61. h8Q 1-0

[Event "Motiva Online Blitz (Women)"]
[Site "Chess.com INT"]
[Date "2021.12.18"]
[Round "2"]
[White "Tarasenka, Aliaksandra"]
[Black "Ross, Laura R"]
[Result "1-0"]
[WhiteElo "2124"]
[BlackElo "2129"]
[PlyCount "81"]
[EventDate "2021.12.18"]
[EventType "swiss (blitz)"]
[EventRounds "13"]
[EventCountry "USA"]
[SourceTitle "CBM 205 Extra"]
[Source "ChessBase"]
[SourceDate "2022.01.31"]
[SourceVersion "1"]
[SourceVersionDate "2022.01.31"]
[SourceQuality "1"]

1. e4 d6 2. d4 Nf6 3. Nc3 Nbd7 4. Bg5 c6 5. Nf3 Qc7 6. Qd2 e5 7. 0-0-0 Be7 8. Bh4 h6 9. Kb1 Nf8 10. Bg3 Ng6 11. dxe5 dxe5 12. Nd4 Bd7 13. Nf5 0-0-0 14. Bd3 Nh5 15. Nxe7+ Nxe7 16. Qe3 Kb8 17. f3 Nf4 18. Bf2 b6 19. g3 Ne6 20. Bc4 Rhf8 21. Rd2 Nd4 22. f4 c5 23. Nd5 Nxd5 24. Bxd5 Bc6 25. c3 Bxd5 26. exd5 exf4 27. gxf4 Rfe8 28. Qd3 Nc6 29. Qf5 g6 30. Qc2 Ne7 31. Rhd1 Nf5 32. h4 Rd6 33. h5 Red8 34. c4 Qe7 35. hxg6 fxg6 36. Qc3 Qf6 37. Qe5 Ne7 38. Re1 Re8 39. Qxf6 Rxf6 40. d6 Rf7 41. dxe7 1-0

[Event "Amazons Pride Blitz"]
[Site "Chess.com INT"]
[Date "2021.10.23"]
[Round "4"]
[White "Ross, Laura R"]
[Black "Arabidze, Meri"]
[Result "0-1"]
[WhiteElo "2129"]
[BlackElo "2441"]
[PlyCount "98"]
[EventDate "2021.10.23"]
[EventType "swiss (blitz)"]
[EventRounds "9"]
[EventCountry "USA"]
[SourceTitle "CBM 204 Extra"]
[Source "ChessBase"]
[SourceDate "2021.11.30"]
[SourceVersion "1"]
[SourceVersionDate "2021.11.30"]
[SourceQuality "1"]

1. e4 c5 2. d4 cxd4 3. c3 dxc3 4. Nxc3 Nc6 5. Nf3 d6 6. Bc4 Nf6 7. 0-0 e6 8. Bg5 Be7 9. Rc1 0-0 10. Re1 a6 11. Qd2 b5 12. Bb3 Bb7 13. h3 Ne5 14. Nxe5 dxe5 15. Qe3 Nd5 16. Bxe7 Nxe7 17. Red1 Qe8 18. Qg5 Nc6 19. Rd3 f6 20. Qg4 Nd4 21. Rxd4 exd4 22. Bxe6+ Kh8 23. Nd5 h5 24. Qf5 Bxd5 25. exd5 Ra7 26. d6 g6 27. Qd5 Kg7 28. d7 Qe7 29. Rc8 Rd8 30. Qc6 d3 31. Qc3 Raxd7 32. Bxd7 Rxd7 33. Qb3 Qf7 34. Qd1 d2 35. Rc2 Qd5 36. b3 Qd3 37. Kh2 h4 38. g3 Qd6 39. Kg2 hxg3 40. fxg3 Qd5+ 41. Kh2 b4 42. h4 a5 43. Rc4 Qd3 44. h5 gxh5 45. Qxh5 d1Q 46. Rg4+ Qxg4 47. Qxg4+ Kf7 48. Qh5+ Ke6 49. Qg4+ Ke7 0-1

[Event "USA-chT Amateur East"]
[Site "Parsippany"]
[Date "2013.02.16"]
[Round "1"]
[White "Ross, Laura R"]
[Black "Sherman, David"]
[Result "1-0"]
[WhiteElo "2142"]
[BlackElo "2094"]
[PlyCount "84"]
[EventDate "2013.02.16"]
[EventType "team-swiss"]
[EventRounds "6"]
[EventCountry "USA"]
[SourceTitle "CBM 153 Extra"]
[Source "ChessBase"]
[SourceDate "2013.04.22"]
[SourceVersion "1"]
[SourceVersionDate "2013.04.22"]
[SourceQuality "1"]
[WhiteTeam "Fifty Shahades of Grey"]
[BlackTeam "Argo check yourself"]
[WhiteTeamCountry "USA"]
[BlackTeamCountry "USA"]

1. d4 d6 2. Nf3 Bg4 3. Bf4 c6 4. Nbd2 Nd7 5. c3 Ngf6 6. Qc2 e6 7. h3 Bh5 8. e3 Be7 9. Bd3 Bg6 10. 0-0-0 d5 11. Ne5 Bxd3 12. Qxd3 Nxe5 13. dxe5 Nd7 14. e4 0-0 15. Qg3 Kh8 16. Kb1 f5 17. exd5 cxd5 18. h4 Nc5 19. h5 Rg8 20. Qh3 Rb8 21. g4 fxg4 22. Qxg4 b5 23. Nf3 Qc8 24. Bg5 Bf8 25. h6 Ne4 26. Qh4 Rb7 27. hxg7+ Rgxg7 28. Bf6 Nxf6 29. exf6 Rg8 30. Ng5 Rxg5 31. Qxg5 Qe8 32. Rdg1 Qf7 33. Rg4 h6 34. Ka1 Qh7 35. Qe5 Qf5 36. Qxf5 exf5 37. Rf4 Rf7 38. Rxf5 Kh7 39. Rd1 Kg6 40. Rdxd5 a6 41. Rf3 Rxf6 42. Rxf6+ Kxf6 1-0

[Event "USA-chT Amateur East"]
[Site "Parsippany"]
[Date "2008.02.18"]
[Round "6"]
[White "Molner, Mackenzie"]
[Black "Ross, Laura R"]
[Result "1-0"]
[WhiteElo "2333"]
[BlackElo "2179"]
[PlyCount "69"]
[EventDate "2008.02.16"]
[EventType "team"]
[EventRounds "6"]
[EventCountry "USA"]
[SourceTitle "CBM 123 Extra"]
[Source "ChessBase"]
[SourceDate "2008.05.06"]
[SourceVersion "1"]
[SourceVersionDate "2008.05.06"]
[SourceQuality "1"]

1. e4 c5 2. Nf3 Nc6 3. d4 cxd4 4. Nxd4 Nf6 5. Nc3 e5 6. Ndb5 d6 7. Bg5 a6 8. Na3 b5 9. Bxf6 gxf6 10. Nd5 f5 11. Bd3 Be6 12. c3 Bg7 13. Nxb5 axb5 14. Bxb5 Bd7 15. exf5 Rb8 16. a4 0-0 17. 0-0 Kh8 18. Qf3 Rg8 19. f6 Bh6 20. Qh5 Rg6 21. Bd3 Rxf6 22. Be4 Rxb2 23. a5 Rb8 24. a6 Na7 25. Rfb1 Rxb1+ 26. Rxb1 Bb5 27. Nxf6 Qxf6 28. Bd5 Qg6 29. Qxg6 fxg6 30. c4 Bxa6 31. Rb8+ Kg7 32. Ra8 Kf6 33. Rxa7 Bc8 34. Rf7+ Kg5 35. Rxh7 1-0

[Event "USA-chT Amateur East"]
[Site "Parsippany"]
[Date "2008.02.16"]
[Round "2"]
[White "Kaufman, Larry C"]
[Black "Ross, Laura R"]
[Result "1-0"]
[WhiteElo "2370"]
[BlackElo "2179"]
[PlyCount "69"]
[EventDate "2008.02.16"]
[EventType "team"]
[EventRounds "6"]
[EventCountry "USA"]
[SourceTitle "CBM 123 Extra"]
[Source "ChessBase"]
[SourceDate "2008.05.06"]
[SourceVersion "1"]
[SourceVersionDate "2008.05.06"]
[SourceQuality "1"]

1. d4 d5 2. c4 c6 3. Nf3 Nf6 4. Qc2 a6 5. Bf4 g6 6. e3 Bg7 7. Nbd2 0-0 8. h3 Nbd7 9. Be2 dxc4 10. Nxc4 Nd5 11. Bh2 b5 12. Nce5 Qa5+ 13. Qd2 Qxd2+ 14. Kxd2 Nxe5 15. Nxe5 Bxe5 16. Bxe5 f6 17. Bh2 Bb7 18. Rac1 Nb6 19. b3 e5 20. dxe5 fxe5 21. Bg3 Rfe8 22. e4 Rad8+ 23. Ke3 Nd7 24. Rhd1 g5 25. h4 h6 26. Rd6 Nf8 27. Rxh6 gxh4 28. Bxh4 Rd7 29. Bg4 Rg7 30. Bf5 Rxg2 31. Bg3 Kg7 32. Rd6 Rxg3+ 33. fxg3 a5 34. g4 Ra8 35. Rc5 1-0

[Event "USA-ch GpA"]
[Site "San Diego"]
[Date "2006.03.05"]
[Round "3"]
[White "Ross, Laura R"]
[Black "Kudrin, Sergey"]
[Result "0-1"]
[WhiteElo "2141"]
[BlackElo "2554"]
[PlyCount "60"]
[EventDate "2006.03.02"]
[EventType "swiss"]
[EventRounds "9"]
[EventCountry "USA"]
[SourceTitle "CBM 112"]
[Source "ChessBase"]
[SourceDate "2006.06.07"]
[SourceVersion "1"]
[SourceVersionDate "2006.06.07"]
[SourceQuality "1"]

1. e4 c5 2. Nf3 e6 3. Nc3 a6 4. d4 cxd4 5. Nxd4 Qc7 6. g3 Nf6 7. Bg2 Be7 8. 0-0 d6 9. Re1 0-0 10. a4 Nc6 11. Be3 Rb8 12. Qe2 Re8 13. f4 Bf8 14. Nb3 b6 15. Rad1 Na5 16. Bc1 Nd7 17. Nd4 Bb7 18. f5 Ne5 19. Bh3 Nac6 20. Rf1 Nxd4 21. Rxd4 d5 22. Be3 Nc6 23. fxe6 Nxd4 24. exf7+ Qxf7 25. Bxd4 Qc7 26. Qe3 Bc5 27. Bxc5 bxc5 28. Qd3 dxe4 29. Qc4+ Kh8 30. Rf7 Qe5 0-1

[Event "New York Marshall CC-ch 89th"]
[Site "New York"]
[Date "2005.12.09"]
[Round "1"]
[White "Rohde, Michael A"]
[Black "Ross, Laura R"]
[Result "1/2-1/2"]
[WhiteElo "2512"]
[BlackElo "2141"]
[PlyCount "101"]
[EventDate "2005.12.09"]
[EventType "swiss"]
[EventRounds "9"]
[EventCountry "USA"]
[SourceTitle "CBM 109 Extra"]
[Source "ChessBase"]
[SourceDate "2006.01.03"]
[SourceVersion "2"]
[SourceVersionDate "2006.01.03"]
[SourceQuality "1"]

1. d4 d5 2. c4 c6 3. e3 Nf6 4. Nc3 a6 5. Bd3 b5 6. b3 Bg4 7. f3 Bh5 8. Nge2 Nbd7 9. 0-0 e6 10. Ng3 Bb4 11. Nce2 0-0 12. e4 dxe4 13. fxe4 Bxe2 14. Qxe2 Bc3 15. Bb2 Bxb2 16. Qxb2 e5 17. Nf5 exd4 18. Qxd4 Qc7 19. cxb5 cxb5 20. a4 Rad8 21. Ne7+ Kh8 22. axb5 Nb6 23. Nd5 Nbxd5 24. exd5 Rxd5 25. Qb4 Rb8 26. b6 Qe5 27. Rae1 Qh5 28. Bc4 a5 29. Qe7 Rd7 30. Qe5 Qxe5 31. Rxe5 Rxb6 32. Rxa5 h6 33. Ra8+ Kh7 34. Rf8 Rbb7 35. Rf3 Rd1+ 36. Kf2 Rd2+ 37. Ke1 Rbd7 38. Bxf7 Rd1+ 39. Ke2 R7d2+ 40. Ke3 Rxg2 41. Rg3 Re1+ 42. Kf3 Rxg3+ 43. hxg3 Nd7 44. Kf2 Rb1 45. Rc8 Ne5 46. Bd5 Rb2+ 47. Ke3 Kg6 48. Kf4 Nd3+ 49. Ke3 Ne5 50. Kd4 Nd7 51. Kc3 1/2-1/2

[Event "Wch U18 Girls"]
[Site "Belfort"]
[Date "2005.07.20"]
[Round "2"]
[White "Choisy, Mathilde"]
[Black "Ross, Laura R"]
[Result "1/2-1/2"]
[WhiteElo "2113"]
[BlackElo "2118"]
[PlyCount "103"]
[EventDate "2005.07.19"]
[EventType "swiss"]
[EventRounds "11"]
[EventCountry "FRA"]
[SourceTitle "CBM 107 Extra"]
[Source "ChessBase"]
[SourceDate "2005.09.01"]
[SourceVersion "1"]
[SourceVersionDate "2005.09.01"]
[SourceQuality "1"]

1. e4 c5 2. Nf3 Nc6 3. d4 cxd4 4. Nxd4 g6 5. Nc3 Bg7 6. Be3 Nf6 7. Bc4 Qa5 8. 0-0 0-0 9. Bb3 d6 10. h3 Bd7 11. Re1 Rac8 12. Qe2 Rfe8 13. Rad1 Nb4 14. Nf3 Bc6 15. a3 Na6 16. Ng5 Rf8 17. Nd5 Bxd5 18. exd5 h6 19. Nf3 Nc5 20. Bxc5 Qxc5 21. Qxe7 Rfe8 22. Qxb7 Ne4 23. Re2 Rc7 24. Qb4 Qxb4 25. axb4 Bxb2 26. Rde1 f5 27. Nd2 Bc3 28. Nxe4 fxe4 29. Rxe4 Rb8 30. Re8+ Rxe8 31. Rxe8+ Kf7 32. Rb8 Re7 33. Bc4 Re1+ 34. Kh2 Rb1 35. Rb7+ Kf6 36. b5 Bd4 37. Rd7 Bc5 38. Rd8 Re1 39. Bd3 Re7 40. Rg8 Rg7 41. Re8 Re7 42. Rg8 Rg7 43. Re8 Re7 44. Rxe7 Kxe7 45. Kg3 Kf6 46. f4 h5 47. Kf3 h4 48. g4 g5 49. Ke4 Ba3 50. c4 Bc5 51. fxg5+ Kxg5 52. Bc2 1/2-1/2

[Event "USA-ch"]
[Site "San Diego"]
[Date "2004.12.03"]
[Round "8"]
[White "Airapetian, Chouchanik"]
[Black "Ross, Laura R"]
[Result "1/2-1/2"]
[WhiteElo "2149"]
[BlackElo "2117"]
[PlyCount "98"]
[EventDate "2004.11.24"]
[EventType "swiss"]
[EventRounds "9"]
[EventCountry "USA"]
[SourceTitle "CBM 105"]
[Source "ChessBase"]
[SourceDate "2005.04.11"]
[SourceVersion "1"]
[SourceVersionDate "2005.04.11"]
[SourceQuality "1"]

1. e4 c5 2. Nf3 Nc6 3. d4 cxd4 4. Nxd4 Nf6 5. Nc3 e5 6. Ndb5 d6 7. Bg5 a6 8. Na3 b5 9. Nd5 Be7 10. Bxf6 Bxf6 11. c3 Bg5 12. Nc2 Rb8 13. b4 Ne7 14. Nce3 Bxe3 15. Nxe3 0-0 16. Be2 Bb7 17. Qc2 Qc7 18. 0-0 d5 19. exd5 Nxd5 20. Nxd5 Bxd5 21. a4 Qc6 22. f3 Rfc8 23. axb5 axb5 24. Qd2 Qb6+ 25. Kh1 Rd8 26. Qc2 Qe3 27. Rae1 Qg5 28. Rd1 Ra8 29. Qd2 Qf6 30. Qe3 Rab8 31. Rfe1 Qe6 32. Qc5 Qc6 33. Qxc6 Bxc6 34. c4 bxc4 35. Rxd8+ Rxd8 36. Bxc4 Kf8 37. Kg1 f6 38. b5 Bb7 39. Ra1 Ra8 40. Rd1 Ke7 41. Kf2 Ra4 42. Bd3 Ra2+ 43. Kg3 g6 44. Be4 Bxe4 45. fxe4 Rb2 46. Rd5 Rb3+ 47. Kf2 Rb2+ 48. Kf3 Rb3+ 49. Kf2 Rb2+ 1/2-1/2

[Event "USA-ch"]
[Site "San Diego"]
[Date "2004.11.30"]
[Round "6"]
[White "Shahade, Jennifer"]
[Black "Ross, Laura R"]
[Result "1/2-1/2"]
[WhiteElo "2361"]
[BlackElo "2117"]
[PlyCount "41"]
[EventDate "2004.11.24"]
[EventType "swiss"]
[EventRounds "9"]
[EventCountry "USA"]
[SourceTitle "CBM 105"]
[Source "ChessBase"]
[SourceDate "2005.04.11"]
[SourceVersion "1"]
[SourceVersionDate "2005.04.11"]
[SourceQuality "1"]

1. e4 c5 2. Nf3 Nc6 3. Nc3 Nf6 4. Bb5 Qc7 5. 0-0 Nd4 6. Re1 a6 7. Bf1 Ng4 8. g3 Nxf3+ 9. Qxf3 Ne5 10. Qd1 e6 11. f4 Nc6 12. d3 Be7 13. Bg2 Nd4 14. Ne2 0-0 15. c3 Nxe2+ 16. Qxe2 b5 17. f5 Bb7 18. Rf1 exf5 19. Rxf5 Rae8 20. Be3 d5 21. Raf1 1/2-1/2

[Event "New York Masters 71st"]
[Site "New York"]
[Date "2003.09.02"]
[Round "1"]
[White "Bonin, Jay R"]
[Black "Ross, Laura R"]
[Result "1-0"]
[WhiteElo "2368"]
[BlackElo "2120"]
[PlyCount "71"]
[EventDate "2003.09.02"]
[EventType "swiss (rapid)"]
[EventRounds "4"]
[EventCountry "USA"]
[SourceTitle "CBM 096 Extra"]
[Source "ChessBase"]
[SourceDate "2003.10.22"]
[SourceVersion "2"]
[SourceVersionDate "2003.10.20"]
[SourceQuality "1"]

1. g3 d5 2. Bg2 Nf6 3. c4 c6 4. Qc2 g6 5. Nf3 Bg7 6. 0-0 0-0 7. d3 Bg4 8. Nbd2 Nbd7 9. h3 Bxf3 10. Nxf3 e5 11. Bg5 Re8 12. cxd5 cxd5 13. Rac1 Qb6 14. Nd2 h6 15. Bxf6 Nxf6 16. Qb3 Qxb3 17. Nxb3 Rac8 18. Na5 b6 19. Nc6 Rc7 20. Rc2 Kf8 21. Rfc1 Rec8 22. h4 e4 23. Bh3 Re8 24. dxe4 dxe4 25. e3 Nd5 26. b4 a6 27. a4 f5 28. h5 gxh5 29. Bxf5 Bf6 30. Bg6 Re6 31. Bxh5 b5 32. axb5 axb5 33. Rc5 Nc3 34. R1xc3 Bxc3 35. Nd8 Re5 36. Rxc7 1-0

[Event "New York Masters 62nd"]
[Site "New York"]
[Date "2003.06.24"]
[Round "1"]
[White "Cela, Altin"]
[Black "Ross, Laura R"]
[Result "1-0"]
[WhiteElo "2482"]
[BlackElo "2136"]
[PlyCount "87"]
[EventDate "2003.06.24"]
[EventType "swiss (rapid)"]
[EventRounds "4"]
[EventCountry "USA"]
[SourceTitle "CBM 094 Extra"]
[Source "ChessBase"]
[SourceDate "2003.07.09"]
[SourceVersion "2"]
[SourceVersionDate "2003.07.09"]
[SourceQuality "1"]

1. e4 c5 2. Nf3 Nc6 3. Nc3 Nf6 4. e5 Ng4 5. Qe2 Qc7 6. Nb5 Qb8 7. d4 cxd4 8. Bf4 f6 9. Bg3 Ngxe5 10. 0-0-0 d3 11. cxd3 d6 12. d4 Nf7 13. d5 Nce5 14. Qc2 Bg4 15. Nfd4 Bxd1 16. Kxd1 Nh6 17. Ne6 Kf7 18. f4 Neg4 19. Kd2 a6 20. Nbc7 Qa7 21. Nxa8 Qxa8 22. h3 b5 23. Qc6 Qxc6 24. Nd8+ Ke8 25. Nxc6 Nf5 26. Be1 Nge3 27. Bd3 Nc4+ 28. Bxc4 bxc4 29. g4 Nh6 30. Kc3 Kd7 31. Nb8+ Kc7 32. Nxa6+ Kb6 33. Nb4 Kb5 34. Bf2 Nf7 35. a4+ Ka5 36. Kxc4 h5 37. Nc6+ Ka6 38. b4 hxg4 39. b5+ Kb7 40. a5 Rxh3 41. a6+ Kc7 42. b6+ Kd7 43. Rxh3 gxh3 44. Bg1 1-0

[Event "USA-ch"]
[Site "Seattle"]
[Date "2003.01.16"]
[Round "7"]
[White "Pruess, David"]
[Black "Ross, Laura R"]
[Result "1-0"]
[WhiteElo "2346"]
[BlackElo "2136"]
[PlyCount "207"]
[EventDate "2003.01.09"]
[EventType "swiss"]
[EventRounds "9"]
[EventCountry "USA"]
[SourceTitle "CBM 093"]
[Source "ChessBase"]
[SourceDate "2003.04.01"]
[SourceVersion "1"]
[SourceVersionDate "2003.04.01"]
[SourceQuality "1"]

1. e4 c5 2. Nf3 g6 3. d4 cxd4 4. Qxd4 Nf6 5. e5 Nc6 6. Qa4 Nd5 7. Qb3 Nc7 8. Bc4 Ne6 9. Bxe6 dxe6 10. 0-0 Bg7 11. Re1 0-0 12. Bf4 Qb6 13. Na3 Qxb3 14. axb3 b6 15. c3 Bb7 16. b4 a6 17. Rad1 b5 18. Rd7 Rab8 19. Red1 Rfd8 20. Kf1 Kf8 21. Nc2 Rxd7 22. Rxd7 Ke8 23. Rd2 h6 24. h3 a5 25. Nfd4 Nxd4 26. Rxd4 a4 27. h4 Rc8 28. Na3 Bc6 29. Ke2 f6 30. Rd1 fxe5 31. Be3 e4 32. g3 e5 33. Ke1 Kf7 34. Rc1 Ke6 35. c4 bxc4 36. b5 Bd5 37. Ba7 Kd7 38. b6 Kc6 39. Nxc4 Bxc4 40. Rxc4+ Kb7 41. Rxa4 Rc5 42. Rxe4 Rb5 43. b4 e6 44. Rg4 g5 45. hxg5 hxg5 46. Rxg5 Bf8 47. Kf1 Bxb4 48. g4 Bd2 49. Rg7+ Kc6 50. Rc7+ Kd6 51. Rf7 Kc6 52. Rc7+ Kd6 53. Rf7 Kc6 54. Kg2 e4 55. Rc7+ Kd6 56. Rc2 e3 57. Kf3 Rb3 58. Ke2 Ba5 59. Ra2 Bxb6 60. Bxb6 Rxb6 61. Kxe3 e5 62. Ra4 Kd5 63. Kf3 Rb3+ 64. Kg2 e4 65. Ra5+ Ke6 66. Rf5 Rd3 67. Rf8 Ke5 68. Rf5+ Ke6 69. Ra5 Kf6 70. Rb5 Ke6 71. Rf5 Ra3 72. Kf1 Ra2 73. Rf4 Ke5 74. Rf8 Rb2 75. Kg2 e3 76. Re8+ Kf4 77. Rxe3 Kxg4 78. Re4+ Kf5 79. Ra4 Kg5 80. Kf3 Rb3+ 81. Ke4 Rb2 82. Ra5+ Kf6 83. Ra6+ Ke7 84. f4 Kf7 85. Ra7+ Kf6 86. Ra6+ Kf7 87. Rd6 Re2+ 88. Kf5 Ra2 89. Rf6+ Ke7 90. Rb6 Ra5+ 91. Kg6 Ra1 92. Rb7+ Ke6 93. f5+ Ke5 94. Re7+ Kd6 95. Re3 Rf1 96. f6 Rg1+ 97. Kf7 Rf1 98. Kg7 Rg1+ 99. Kf8 Rf1 100. f7 Kd7 101. Rd3+ Kc7 102. Rd4 Kc6 103. Ke7 Kc5 104. Re4 1-0

[Event "USA-ch"]
[Site "Seattle"]
[Date "2003.01.15"]
[Round "6"]
[White "Ross, Laura R"]
[Black "Markzon, Gregory"]
[Result "1/2-1/2"]
[WhiteElo "2136"]
[BlackElo "2326"]
[PlyCount "68"]
[EventDate "2003.01.09"]
[EventType "swiss"]
[EventRounds "9"]
[EventCountry "USA"]
[SourceTitle "CBM 093"]
[Source "ChessBase"]
[SourceDate "2003.04.01"]
[SourceVersion "1"]
[SourceVersionDate "2003.04.01"]
[SourceQuality "1"]

1. e4 c5 2. Nf3 Nc6 3. Nc3 Nf6 4. Bb5 Nd4 5. e5 Nxb5 6. Nxb5 Nd5 7. Ng5 f6 8. exf6 Nxf6 9. 0-0 e6 10. d4 Qb6 11. a4 a6 12. dxc5 Bxc5 13. Nc3 0-0 14. Nce4 Nxe4 15. Nxe4 Be7 16. Be3 Qc6 17. Qd3 d5 18. Nc3 Bf6 19. Rfd1 Rd8 20. f4 Bxc3 21. bxc3 Bd7 22. Bd4 Be8 23. f5 exf5 24. Qxf5 Qg6 25. Qxg6 Bxg6 26. Rdb1 Rd7 27. Rb2 Re8 28. Rab1 Ree7 29. a5 Bh5 30. Rb6 Be2 31. Bc5 Re4 32. Rxb7 Rxb7 33. Rxb7 Bc4 34. Re7 Rxe7 1/2-1/2

[Event "USA-ch"]
[Site "Seattle"]
[Date "2003.01.13"]
[Round "5"]
[White "Ross, Laura R"]
[Black "Esserman, Marc"]
[Result "1-0"]
[WhiteElo "2136"]
[BlackElo "2282"]
[PlyCount "59"]
[EventDate "2003.01.09"]
[EventType "swiss"]
[EventRounds "9"]
[EventCountry "USA"]
[SourceTitle "CBM 093"]
[Source "ChessBase"]
[SourceDate "2003.04.01"]
[SourceVersion "1"]
[SourceVersionDate "2003.04.01"]
[SourceQuality "1"]

1. e4 e5 2. Nf3 Nc6 3. Bb5 a6 4. Ba4 Nf6 5. d3 Bc5 6. 0-0 b5 7. Bb3 d6 8. a4 Bb7 9. Nbd2 Qe7 10. Re1 0-0-0 11. axb5 axb5 12. c3 h5 13. Nf1 Ng4 14. Ne3 Bxe3 15. Bxe3 Nxe3 16. fxe3 f5 17. exf5 d5 18. e4 dxe4 19. Be6+ Kb8 20. Rxe4 Qc5+ 21. Kh1 Rd6 22. Qe2 Rhd8 23. Nxe5 Ne7 24. d4 Qb6 25. Rh4 Rxe6 26. fxe6 Qxe6 27. Rxh5 Nd5 28. Qg4 Qe7 29. Qh4 Qf8 30. Nd7+ 1-0

[Event "USA-ch"]
[Site "Seattle"]
[Date "2003.01.10"]
[Round "2"]
[White "Ross, Laura R"]
[Black "Kaufman, Larry C"]
[Result "1/2-1/2"]
[WhiteElo "2136"]
[BlackElo "2415"]
[PlyCount "177"]
[EventDate "2003.01.09"]
[EventType "swiss"]
[EventRounds "9"]
[EventCountry "USA"]
[SourceTitle "CBM 093"]
[Source "ChessBase"]
[SourceDate "2003.04.01"]
[SourceVersion "1"]
[SourceVersionDate "2003.04.01"]
[SourceQuality "1"]

1. e4 e5 2. Nf3 Nc6 3. Bb5 Nf6 4. d3 d6 5. c3 g6 6. Nbd2 Bg7 7. 0-0 0-0 8. Re1 Bd7 9. Nf1 Nh5 10. Ba4 Qe8 11. Bb3 Kh8 12. Ng3 Nxg3 13. hxg3 Bg4 14. Qc2 Na5 15. Nh2 Bd7 16. f4 Nxb3 17. axb3 a5 18. Be3 f5 19. Nf3 fxe4 20. dxe4 b6 21. Re2 Bg4 22. Rf2 Qc6 23. Nh2 Bd7 24. f5 gxf5 25. exf5 d5 26. Raf1 Rf7 27. Bg5 Rg8 28. Ng4 Qd6 29. Qd2 d4 30. cxd4 exd4 31. f6 Bf8 32. Bf4 Qd5 33. Ne5 Bb5 34. Nxf7+ Qxf7 35. Re1 Bb4 36. Re7 Qxf6 37. Be5 Qxe5 38. Rxe5 Bxd2 39. Rxd2 c5 40. Kh2 Rg6 41. Re7 Bc6 42. Re5 Kg8 43. Rf2 Bd7 44. Rfe2 Rd6 45. Kg1 d3 46. Rd2 Bb5 47. Kf2 Rf6+ 48. Ke1 Kf7 49. Re3 Kg6 50. Rf3 Re6+ 51. Kf2 h5 52. Re3 Rd6 53. Re4 Bd7 54. Re3 Bf5 55. Re8 Rd4 56. Rg8+ Kf7 57. Rg5 Bg6 58. g4 hxg4 59. Kg3 Rb4 60. Rxg4 Rxb3 61. Kf2 b5 62. Rg5 c4 63. Rc5 Ke7 64. Ke3 Kd6 65. Kd4 Rb4 66. Rd5+ Kc6 67. Rc5+ Kb6 68. Kd5 Be4+ 69. Kd6 a4 70. Re5 Bb7 71. g4 a3 72. bxa3 Ra4 73. Rb2 Bc6 74. Rc5 Be8 75. Rc8 Bg6 76. Rc6+ Ka7 77. Kc7 Be4 78. Rc5 Rxa3 79. Rbxb5 Ka6 80. Rb6+ Ka7 81. Rxc4 d2 82. Rb3 Ra1 83. Rd4 Rc1+ 84. Kd6 d1Q 85. Rxd1 Rxd1+ 86. Ke5 Re1 87. Kf6 Rg1 88. g5 Bc2 89. Rb2 1/2-1/2

[Event "USA-ch"]
[Site "Seattle"]
[Date "2003.01.09"]
[Round "1"]
[White "Perelshteyn, Eugene"]
[Black "Ross, Laura R"]
[Result "1-0"]
[WhiteElo "2442"]
[BlackElo "2136"]
[PlyCount "71"]
[EventDate "2003.01.09"]
[EventType "swiss"]
[EventRounds "9"]
[EventCountry "USA"]
[SourceTitle "CBM 093"]
[Source "ChessBase"]
[SourceDate "2003.04.01"]
[SourceVersion "1"]
[SourceVersionDate "2003.04.01"]
[SourceQuality "1"]

1. e4 c5 2. Nf3 g6 3. d4 cxd4 4. Nxd4 Nc6 5. c4 Bg7 6. Be3 Nf6 7. Nc3 0-0 8. Be2 d6 9. 0-0 Bd7 10. Qd2 Nxd4 11. Bxd4 Bc6 12. f3 a5 13. Rab1 Nd7 14. Be3 Nc5 15. b3 Be5 16. a3 a4 17. b4 Nb3 18. Qd3 Qb8 19. b5 d5 20. cxd5 Bxh2+ 21. Kh1 Bd7 22. f4 Bg3 23. Nxa4 Rxa4 24. Rxb3 Rc8 25. Bd2 Bh4 26. Bb4 b6 27. Rc3 Rxc3 28. Qxc3 Ra7 29. g3 Bf6 30. e5 Bg7 31. Rc1 Bf5 32. Bf3 g5 33. Qe3 g4 34. Be4 Bxe4+ 35. Qxe4 f6 36. exf6 1-0

[Event "Wch U14 Girls"]
[Site "Heraklion"]
[Date "2002.11.21"]
[Round "7"]
[White "Ross, Laura R"]
[Black "Olsen, Miriam F"]
[Result "1-0"]
[WhiteElo "2096"]
[BlackElo "1824"]
[PlyCount "65"]
[EventDate "2002.11.15"]
[EventType "swiss"]
[EventRounds "11"]
[EventCountry "GRE"]
[SourceTitle "CBM 091 Extra"]
[Source "ChessBase"]
[SourceDate "2003.01.09"]
[SourceVersion "1"]
[SourceVersionDate "2003.01.09"]
[SourceQuality "1"]

1. e4 c5 2. Nf3 Nc6 3. d4 cxd4 4. Nxd4 e5 5. Nb5 d6 6. N1c3 a6 7. Na3 b5 8. Nd5 Nce7 9. Bg5 h6 10. Bxb5+ axb5 11. Nxb5 Ra7 12. Nxa7 Qa5+ 13. c3 Qxa7 14. Be3 Qb7 15. Qa4+ Bd7 16. Qb3 Qxb3 17. axb3 Nxd5 18. exd5 f5 19. f3 Nf6 20. c4 Kf7 21. Ra8 g5 22. 0-0 Bg7 23. Rxh8 Bxh8 24. Rd1 f4 25. Bf2 e4 26. Bd4 Bg7 27. Ra1 Bf5 28. fxe4 Bxe4 29. b4 Bf5 30. Ra7+ Nd7 31. Bxg7 Kxg7 32. c5 Kf6 33. Ra6 1-0

[Event "New York State-ch 124th"]
[Site "Kerhonkson"]
[Date "2002.09.02"]
[Round "5"]
[White "Nikolayev, Igor"]
[Black "Ross, Laura R"]
[Result "1-0"]
[WhiteElo "2321"]
[BlackElo "2100"]
[PlyCount "67"]
[EventDate "2002.08.31"]
[EventType "swiss"]
[EventRounds "6"]
[EventCountry "USA"]
[SourceTitle "CBM 090 Extra"]
[Source "ChessBase"]
[SourceDate "2002.11.07"]
[SourceVersion "1"]
[SourceVersionDate "2002.11.07"]
[SourceQuality "1"]

1. e4 c5 2. c3 g6 3. d4 cxd4 4. cxd4 d5 5. exd5 Nf6 6. Bb5+ Nbd7 7. Nc3 Bg7 8. d6 0-0 9. dxe7 Qxe7+ 10. Nge2 a6 11. Bxd7 Bxd7 12. 0-0 Bc6 13. Bf4 Rfd8 14. Be5 Nd5 15. Bxg7 Kxg7 16. Qd2 Qh4 17. Rad1 Nf6 18. Qf4 Qh5 19. Ng3 Qa5 20. Qe5 Qxe5 21. dxe5 Ng4 22. Rde1 Rd2 23. f3 Rxb2 24. e6 fxe6 25. Rxe6 Nf6 26. Re7+ Kf8 27. Rc7 Nd7 28. Rd1 Ke8 29. Nge4 Kd8 30. Rcxd7+ Bxd7 31. Nc5 Rc8 32. Rxd7+ Ke8 33. N3e4 Rc6 34. Nd6+ 1-0